Дело о препровождении в Контору театров из Театрального училища билетов Сохранной казны воспитанниц Марии и Анны Козловских и Ма...

Доступно только в Электронных читальных залах Найти на картеНа карте
RUSMARC
00004522nmc2a22000003x 450
001555b31d9-b361-433b-9b98-1abed58fc2ab
00520181224223531.0
100##$a20170623l18451845k l0rusy0189 ca
1010#$arus
102##$aRU
2001#$aДело о препровождении в Контору театров из Театрального училища билетов Сохранной казны воспитанниц Марии и Анны Козловских и Марии Хотяинцевой
$j31 марта - 2 апреля 1845 г.
251##$cДело
300##$aПо Санкт-Петербургской дирекции за 1845 год
300##$aОриг. заголовок дела: Дело по отношению правления Театрального училища с препровождением билетов Сохранной казны, для хранения впредь до выпуска, принадлежащих кандидаткам Марии и Анне Козловским на 135 рублей 60 копеек серебром и своекоштной пансионерки Марии Хотяинцевой на 49 рублей 37 копеек серебром. 31 марта 1845 г. - 2 апреля 1845 г
801#0$aRU
$bРГИА
$c20170623
$gRCR
801#1$aRU
$bГлавНИВЦ
$c20170623
$2rusmarc
801#2$aRU
$bПБ им. Б.Н. Ельцина
$c20181224
$gRCR
$2rusmarc
850##$aРГИА
852##$aРГИА
$eФедеральное казенное учреждение "Российский государственный исторический архив" (РГИА)
$j10445
937##$hРГИА
$d12246544
$aASBIBLIO_SCAN
462#0$1001dd3991dc-24e1-42ec-8838-ca4255420416
$12001
$a1746-1850 гг.
$1251
$cОпись
$1852
$j1
461#0$10019264ebf8-de62-4f1a-9eb4-9f22098dbbd5
$12001
$aДирекция императорских театров МИДв
$1251
$cФонд
$1852
$j497
215##$a3 л.
$d36,5х26 см
371##$aДокумент не является опубликованным и широко распространяемым
105##$ay###
1222#$ad
5171#$aДело по отношению правления Театрального училища с препровождением билетов Сохранной казны, для хранения впредь до выпуска, принадлежащих кандидаткам Марии и Анне Козловским на 135 рублей 60 копеек серебром и своекоштной пансионерки Марии Хотяинцевой на 49 рублей 37 копеек серебром. 31 марта 1845 г. - 2 апреля 1845 г
035##$a555b31d9-b361-433b-9b98-1abed58fc2ab
856##$uhttp://readingroom.main.prlib.ru/item.aspx?id_node=n122288938&mode=full
Формат отображения